| 000 | 00406nam a2200193Ia 4500 | ||
|---|---|---|---|
| 003 | IT-RoPAU | ||
| 008 | 120407s9999 xx 000 0 und d | ||
| 040 | _aIT-RoPAU | ||
| 040 | _cIT-RoPAU | ||
| 100 | _aAgostino | ||
| 100 | _csant' | ||
| 245 | _aDe Civitate Dei (libri XXII) | ||
| 250 | _aFirenze | ||
| 260 | _aLe Monnier | ||
| 300 | _c cm | ||
| 490 | _v1 | ||
| 700 | _aPaolo Brezzi | ||
| 942 | _cBK | ||
| 999 |
_c7494 _d7494 |
||